000 00710nam a22001937a 4500
999 _c177094
_d177094
005 20210208151815.0
010 _aUR-11022
020 _c200.00
_a-
035 _aU-9577
037 _bDBAD/PUB
082 _a841
100 _aا و تا ر کر شن گنجو ،بھا ر تی سحر گا ند ر بلی
245 _aقلمی چہل پہل
_cا و تا ر کر شن گنجو ،بھا ر تی سحر گا ند ر بلی
246 _bQalmi Chehal Pahel (Urdu)
_aby Awtar Krishan Ganju,Bharti Sehar Gander Bili
260 _aDelhi
_bJ K Offset Printers
_c2011 ء
270 _aGali Garhaia Jama Masjid,
_bDelhi
_e6
_l-
300 _a184 ص
_c22 Cm(Hb)
942 _2ddc
_cUR
_h841
_mا و ت